| 000 | 00539cam a22001931 4500 | ||
|---|---|---|---|
| 001 | he 66001727 | ||
| 003 | DLC | ||
| 005 | 20260227111441.0 | ||
| 008 | 830714s1965 is 000 0 heb | ||
| 010 | _ahe 66001727 | ||
| 035 | _a(OCoLC)19166557 | ||
| 040 |
_aDLC _cMH _dCU _dDLC |
||
| 042 | _apremarc | ||
| 050 | 0 | 0 |
_aPJ5054.E5 _bS5 |
| 100 | 2 | _aHeler-Elʻor, Tsiporah. | |
| 245 | 1 | 0 |
_aShire midbar ṿe-naḥash : _bshirim / _cTsiporah Elʼor (Heler) |
| 260 |
_a[Tel Aviv] : _bMaḥbarot le-sifrut, _c[1965] |
||
| 300 |
_a121 p. ; _c21 cm. |
||
| 999 |
_c31975 _d31975 |
||